|
|
|
|
| LEADER |
00000nam a22000007a 4500 |
| 005 |
20210225212635.0 |
| 007 |
cr|||| |||| |
| 008 |
210225s2018 us |||||s|||| 00||0 eng d |
| 020 |
|
|
|a 9781641051606
|
| 035 |
|
|
|a 31360
|
| 040 |
|
|
|a vLex
|
| 090 |
|
|
|c 11280
|d 11280
|
| 100 |
1 |
|
|a Kennedy, Dennis
|
| 245 |
1 |
3 |
|a The lawyer’s guide to collaboration tools and technologies
|h [Recurso electrn̤ico] /
|c Dennis Kennedy, Tom Mighell
|
| 256 |
|
|
|a Servicio en ln̕ea
|
| 260 |
|
|
|a Chicago:
|b American Bar Association,
|c 2018
|
| 300 |
|
|
|a 1 recurso electrn̤ico
|
| 506 |
1 |
|
|a Disponible solo en los productos indicados
|d vLex Global
|d vLex Global (Academic Edition, excluding Law Schools)
|d vLex Global (Academic Edition, Law Schools)
|
| 650 |
0 |
4 |
|a Derecho Mercantil y de la Empresa
|z Estados Unidos
|
| 700 |
1 |
|
|a Mighell, Tom
|
| 740 |
0 |
|
|a vLex Libros (Servicio en ln̕ea)
|
| 856 |
4 |
0 |
|u http://vlex.com/source/lawyers-guide-collaboration-tools-technologies-31360
|z Acceso restringido
|
| 942 |
|
|
|c BOOK
|
| 999 |
0 |
|
|a Commercial and Company Law
|